Indian Muslims : (Record no. 32154)
[ view plain ]
| 000 -LEADER | |
|---|---|
| fixed length control field | 00812nam a22001817a 4500 |
| 003 - CONTROL NUMBER IDENTIFIER | |
| control field | BDDh-ASL |
| 005 - DATE AND TIME OF LATEST TRANSACTION | |
| control field | 20231015031346.0 |
| 008 - FIXED-LENGTH DATA ELEMENTS--GENERAL INFORMATION | |
| fixed length control field | 230427s2000 i ||||| |||| 00| 0 eng d |
| 040 ## - CATALOGING SOURCE | |
| Original cataloging agency | BDDh-ASL |
| Transcribing agency | BDDh-ASL |
| 041 ## - LANGUAGE CODE | |
| Language code of text/sound track or separate title | eng |
| 082 ## - DEWEY DECIMAL CLASSIFICATION NUMBER | |
| Classification number | 954.297 |
| Item number | KHI |
| 100 1# - MAIN ENTRY--PERSONAL NAME | |
| Personal name | Khan, Wahiduddin |
| Titles and words associated with a name | Maulana |
| 9 (RLIN) | 8115 |
| 245 10 - TITLE STATEMENT | |
| Title | Indian Muslims : |
| Remainder of title | The Need For A Positive Outlook / |
| 260 ## - PUBLICATION, DISTRIBUTION, ETC. | |
| Place of publication, distribution, etc. | New Delhi : |
| Name of publisher, distributor, etc. | Goodword Books, |
| Date of publication, distribution, etc. | 2000. |
| 300 ## - PHYSICAL DESCRIPTION | |
| Extent | 192 p. : |
| Dimensions | 22 cm. |
| 650 #0 - SUBJECT ADDED ENTRY--TOPICAL TERM | |
| Topical term or geographic name entry element | Muslims, Muslim, ˈməzləm, মুসলিম, Musalima, Moslem, মুসলমানসম্বন্ধীয়, History of Muslims, মুসলমানদের ইতিহাস, Muslim History, Musalamānadēra itihāsa, Islamic History , ইসলামের ইতিহাস, Isalāmēra itihāsa |
| 9 (RLIN) | 8116 |
| 942 ## - ADDED ENTRY ELEMENTS (KOHA) | |
| Source of classification or shelving scheme | Dewey Decimal Classification |
| Koha item type | Books |
| Withdrawn status | Lost status | Source of classification or shelving scheme | Damaged status | Not for loan | Collection code | Home library | Current library | Shelving location | Date acquired | Total Checkouts | Full call number | Barcode | Date last seen | Copy number | Price effective from | Koha item type | Public note |
|---|---|---|---|---|---|---|---|---|---|---|---|---|---|---|---|---|---|
| Dewey Decimal Classification | Non-fiction | Asiatic Society Library | Asiatic Society Library | General Stacks | 04/27/2023 | 954.297 KHI | 120958 | 04/27/2023 | C-1 | 04/27/2023 | Books | Y-2000 |